[Event "Oberliga Bayern 2122"]
[Site "Bayern"]
[Date "2022.05.29"]
[Round "9.4"]
[White "Grawe, Christian"]
[Black "Heimerdinger, Joerg"]
[Result "1-0"]
[WhiteElo "2258"]
[BlackElo "2091"]
[PlyCount "67"]
[EventDate "2021.10.24"]
[EventType "team-tourn"]
[EventRounds "9"]
[EventCountry "GER"]
[SourceTitle "EXT 2024"]
[Source "ChessBase"]
[SourceDate "2023.10.10"]
[SourceVersion "1"]
[SourceVersionDate "2023.10.10"]
[SourceQuality "1"]
[WhiteTeam "Groebenzell"]
[BlackTeam "Bindlach Aktionaer"]
[WhiteTeamCountry "GER"]
[BlackTeamCountry "GER"]

1. e4 e6 2. d4 d5 3. Nc3 Bb4 4. e5 c5 5. a3 Ba5 6. b4 cxd4 7. bxa5 dxc3 8. Qg4 Kf8 9. Nf3 Nc6 10. Bd3 Nge7 11. h4 Qc7 12. Bf4 Nf5 13. h5 h6 14. Qh3 Qxa5 15. g4 Nfd4 16. 0-0 Qa4 17. Nxd4 Qxd4 18. Qg3 f6 19. exf6 gxf6 20. Bd6+ Kg7 21. Rad1 e5 22. Bf5 Qc4 23. f4 e4 24. Kh1 Rd8 25. Bc7 Rg8 26. Bg6 Be6 27. g5 f5 28. gxh6+ Kh8 29. Qg5 Raf8 30. Bd6 e3 31. h7 Qe4+ 32. Kg1 Rg7 33. Bxf8 e2 34. Bxg7+ 1-0

[Event "Oberliga Bayern 1920"]
[Site "Bayern"]
[Date "2019.12.08"]
[Round "4.8"]
[White "Schmahl, Stephan"]
[Black "Heimerdinger, Joerg"]
[Result "1-0"]
[WhiteElo "2047"]
[BlackElo "2100"]
[PlyCount "73"]
[EventDate "2019.10.20"]
[EventType "team-tourn"]
[EventRounds "9"]
[EventCountry "GER"]
[SourceTitle "EXT 2021"]
[Source "ChessBase"]
[SourceDate "2020.10.23"]
[SourceVersion "1"]
[SourceVersionDate "2020.10.23"]
[SourceQuality "1"]
[WhiteTeam "Regensburg Bavaria"]
[BlackTeam "Bindlach Aktionaer"]
[WhiteTeamCountry "GER"]
[BlackTeamCountry "GER"]

1. d4 Nf6 2. c4 g6 3. Nf3 Bg7 4. g3 0-0 5. Bg2 d6 6. 0-0 Nc6 7. Nc3 a6 8. h3 Re8 9. e4 e5 10. dxe5 Nxe5 11. Nxe5 Rxe5 12. f4 Re8 13. e5 dxe5 14. Qxd8 Rxd8 15. fxe5 Ne8 16. Bg5 Rd4 17. Rae1 c6 18. Na4 Be6 19. b3 h6 20. Be7 Rc8 21. Nc5 Rc7 22. Nxe6 fxe6 23. Bc5 Rd2 24. Rf2 Rxf2 25. Kxf2 Rf7+ 26. Kg1 Rf5 27. Bd4 a5 28. h4 Kf8 29. Bh3 Rf3 30. Kg2 Rd3 31. Bc5+ Kg8 32. Bxe6+ Kh7 33. Bf7 Rd8 34. e6 a4 35. e7 Ra8 36. Rd1 Bf6 37. Rd8 1-0

[Event "Landesliga Nord 1516"]
[Site "Bayern"]
[Date "2016.04.10"]
[Round "9.3"]
[White "Reis, Gerhard"]
[Black "Heimerdinger, Joerg"]
[Result "1-0"]
[WhiteElo "2202"]
[BlackElo "2046"]
[PlyCount "57"]
[EventDate "2015.10.11"]
[EventType "team-tourn"]
[EventRounds "9"]
[EventCountry "GER"]
[SourceTitle "EXT 2018"]
[Source "ChessBase"]
[SourceDate "2017.10.13"]
[SourceVersion "1"]
[SourceVersionDate "2017.10.13"]
[SourceQuality "1"]
[WhiteTeam "Nuernberg Sued SW"]
[BlackTeam "Bindlach Aktionaer II"]
[WhiteTeamCountry "GER"]
[BlackTeamCountry "GER"]

1. Nf3 Nf6 2. c4 g6 3. Nc3 Bg7 4. g3 0-0 5. Bg2 d6 6. d4 Nc6 7. 0-0 a6 8. h3 Rb8 9. Re1 b5 10. cxb5 axb5 11. e4 e6 12. Bf4 b4 13. e5 bxc3 14. exf6 Bxf6 15. bxc3 d5 16. h4 Bg7 17. h5 Re8 18. Bf1 f6 19. hxg6 hxg6 20. Bd3 g5 21. Bd2 Bd7 22. Nh2 e5 23. Bg6 Re7 24. Qh5 e4 25. f3 Rb2 26. Bxg5 Rxh2 27. Kxh2 exf3 28. Qh7+ Kf8 29. Bh6 1-0

[Event "Landesliga Nord 1314"]
[Site "Bayern"]
[Date "2014.02.23"]
[Round "7.5"]
[White "Seibold, Hubert"]
[Black "Heimerdinger, Joerg"]
[Result "1-0"]
[WhiteElo "2163"]
[BlackElo "2150"]
[PlyCount "51"]
[EventDate "2013.10.13"]
[EventType "team"]
[EventRounds "9"]
[EventCountry "GER"]
[SourceTitle "EXT 2015"]
[Source "ChessBase"]
[SourceDate "2014.11.20"]
[SourceVersion "1"]
[SourceVersionDate "2014.11.20"]
[SourceQuality "1"]
[WhiteTeam "Zirndorf"]
[BlackTeam "Bindlach II"]
[WhiteTeamCountry "GER"]
[BlackTeamCountry "GER"]

1. e4 e6 2. d4 d5 3. Nc3 Bb4 4. exd5 exd5 5. Bd3 Nc6 6. Nge2 Bg4 7. f3 Be6 8. 0-0 Qf6 9. Nb5 Ba5 10. Bf4 0-0-0 11. c3 g5 12. Bg3 a6 13. a4 Bb6 14. a5 Nxa5 15. Rxa5 Bxa5 16. Be5 Qh6 17. Bxh8 f6 18. f4 axb5 19. Qa1 Bb6 20. fxg5 Qxg5 21. Nf4 Bf7 22. Qa8+ Kd7 23. Bxb5+ c6 24. Qxb7+ Bc7 25. Qxc6+ Kc8 26. Ba6+ 1-0

[Event "Landesliga Nord 1314"]
[Site "Bayern"]
[Date "2014.01.19"]
[Round "5.6"]
[White "Heimerdinger, Joerg"]
[Black "Link, Klaus"]
[Result "1/2-1/2"]
[WhiteElo "2150"]
[BlackElo "1934"]
[PlyCount "113"]
[EventDate "2013.10.13"]
[EventType "team"]
[EventRounds "9"]
[EventCountry "GER"]
[SourceTitle "EXT 2015"]
[Source "ChessBase"]
[SourceDate "2014.11.20"]
[SourceVersion "1"]
[SourceVersionDate "2014.11.20"]
[SourceQuality "1"]
[WhiteTeam "Bindlach II"]
[BlackTeam "Klingenberg/Main"]
[WhiteTeamCountry "GER"]
[BlackTeamCountry "GER"]

1. e4 c5 2. Nf3 Nc6 3. Bb5 a6 4. Bxc6 bxc6 5. d3 d6 6. h3 e5 7. 0-0 Ne7 8. Nc3 Ng6 9. Ne2 Be7 10. Nh2 0-0 11. f4 exf4 12. Nxf4 Rb8 13. Nxg6 hxg6 14. b3 Bf6 15. Rb1 Re8 16. Bf4 Rb7 17. Nf3 g5 18. Bg3 g4 19. hxg4 Bxg4 20. Qd2 Rd7 21. Rbe1 Bxf3 22. gxf3 Bd4+ 23. Kg2 Qf6 24. Qf4 Qg6 25. Rh1 Re5 26. Qh4 Kf8 27. f4 Re8 28. f5 Qh6 29. Qxh6 gxh6 30. Rxh6 f6 31. Reh1 Rg7 32. Kf3 Ke7 33. Rh8 d5 34. Rxe8+ Kxe8 35. Rh8+ Kd7 36. Ra8 c4 37. bxc4 dxc4 38. dxc4 Rh7 39. c3 Bc5 40. Rxa6 Rh1 41. Kg2 Rc1 42. e5 Rc2+ 43. Kf1 fxe5 44. Bxe5 Rf2+ 45. Ke1 Rxf5 46. Bd4 Bxd4 47. cxd4 Rf4 48. Kd2 Rxd4+ 49. Kc3 c5 50. Rb6 Rd1 51. Rb2 Rh1 52. Kb3 Kc6 53. Rg2 Rb1+ 54. Kc2 Rh1 55. Rg6+ Kb7 56. Kd3 Rd1+ 57. Kc2 1/2-1/2

[Event "Bayern-chI Bank Hofmann 17th"]
[Site "Bad Wiessee"]
[Date "2013.10.31"]
[Round "7"]
[White "Heimerdinger, Joerg"]
[Black "Hilverda, Alexander"]
[Result "0-1"]
[WhiteElo "2150"]
[BlackElo "2303"]
[PlyCount "60"]
[EventDate "2013.10.26"]
[EventType "swiss"]
[EventRounds "9"]
[EventCountry "GER"]
[SourceTitle "EXT 2014"]
[Source "ChessBase"]
[SourceDate "2013.11.20"]
[SourceVersion "1"]
[SourceVersionDate "2013.11.20"]
[SourceQuality "1"]

1. e4 c5 2. Nf3 d6 3. c3 Nf6 4. Be2 g6 5. 0-0 Bg7 6. Re1 0-0 7. Bf1 Nc6 8. h3 e5 9. d4 exd4 10. cxd4 cxd4 11. Nxd4 Nxd4 12. Qxd4 Re8 13. Qd3 Bf5 14. f3 d5 15. g4 Qc7 16. Qe2 Qg3+ 17. Bg2 dxe4 18. f4 Nxg4 19. hxg4 Bxg4 20. Qf2 Bd4 21. Be3 Qxf2+ 22. Kxf2 Bxb2 23. Nd2 Bxa1 24. Rxa1 Bf5 25. Rb1 b6 26. Rb4 Rac8 27. Bf1 Rc2 28. Bc4 Be6 29. Bb5 Rd8 30. Ke1 f5 0-1

[Event "Landesliga Nord 1213"]
[Site "Bayern"]
[Date "2013.04.14"]
[Round "9.2"]
[White "Kunz, Konstantin"]
[Black "Heimerdinger, Joerg"]
[Result "1-0"]
[WhiteElo "2118"]
[BlackElo "2030"]
[PlyCount "95"]
[EventDate "2012.10.14"]
[EventType "team-tourn"]
[EventRounds "9"]
[EventCountry "GER"]
[SourceTitle "EXT 2015"]
[Source "ChessBase"]
[SourceDate "2014.11.20"]
[SourceVersion "1"]
[SourceVersionDate "2014.11.20"]
[SourceQuality "1"]
[WhiteTeam "Kitzingen"]
[BlackTeam "Bindlach II"]
[WhiteTeamCountry "GER"]
[BlackTeamCountry "GER"]

1. d4 Nf6 2. Nf3 g6 3. Bf4 Bg7 4. e3 0-0 5. h3 d6 6. Be2 Nfd7 7. 0-0 e5 8. Bh2 Nc6 9. c3 f5 10. Na3 Qe7 11. dxe5 dxe5 12. Nc4 g5 13. a4 h5 14. Nfd2 g4 15. hxg4 hxg4 16. e4 g3 17. fxg3 fxe4 18. Rxf8+ Nxf8 19. Nxe4 Bf5 20. Qd5+ Kh8 21. Ne3 Bg6 22. Bf3 Ne6 23. Kh1 Rd8 24. Qb5 Bxe4 25. Bxe4 Nc5 26. Bxc6 bxc6 27. Qxc6 Nd3 28. Rf1 Nxb2 29. Qg6 Qd6 30. Qg5 Bh6 31. Qh5 Rf8 32. Rxf8+ Qxf8 33. g4 Kg8 34. Bxe5 Bg7 35. Qg6 Qf7 36. Qxg7+ Qxg7 37. Bxg7 Kxg7 38. a5 Na4 39. c4 Nc5 40. Nd5 Ne6 41. Kh2 Kf7 42. Kg3 c6 43. Nb4 Nd4 44. Kf4 c5 45. Nd3 Nb3 46. a6 Na5 47. Ke4 Nxc4 48. Ne5+ 1-0

[Event "Landesliga Nord 1112"]
[Site "Bayern"]
[Date "2011.10.23"]
[Round "2.4"]
[White "Heimerdinger, Joerg"]
[Black "Kraich, Klaus"]
[Result "0-1"]
[WhiteElo "2020"]
[BlackElo "2046"]
[PlyCount "82"]
[EventDate "2011.10.02"]
[EventType "team-tourn"]
[EventRounds "9"]
[EventCountry "GER"]
[SourceTitle "EXT 2013"]
[Source "ChessBase"]
[SourceDate "2012.11.22"]
[SourceVersion "1"]
[SourceVersionDate "2012.11.22"]
[SourceQuality "1"]
[WhiteTeam "Bindlach II"]
[BlackTeam "Klingenberg/Main"]
[WhiteTeamCountry "GER"]
[BlackTeamCountry "GER"]

1. e4 c5 2. Nf3 Nc6 3. Bb5 d6 4. Bxc6+ bxc6 5. d3 Bg4 6. Nbd2 Nf6 7. h3 Bh5 8. g4 Bg6 9. Nh4 Nd7 10. f4 e6 11. Ndf3 Be7 12. Ng2 f6 13. f5 Bf7 14. fxe6 Bxe6 15. Nf4 Bf7 16. Bd2 Qb8 17. b3 Qc7 18. Qe2 0-0 19. Kf2 Rae8 20. h4 d5 21. Kg2 Bd6 22. Nh3 Re7 23. Bc3 dxe4 24. dxe4 Rfe8 25. Nd2 c4 26. Qf3 Ne5 27. Bxe5 Bxe5 28. Rae1 cxb3 29. axb3 Qa5 30. Re2 Qc5 31. c4 Rd8 32. Nf2 Red7 33. Nf1 Qb4 34. Rh3 Be6 35. h5 h6 36. Re3 a5 37. Qe2 Bd4 38. Rd3 a4 39. bxa4 Bxc4 40. Qd2 Qb1 41. Nh2 c5 0-1

[Event "Bayern-chI Bank Hofmann 14th"]
[Site "Bad Wiessee"]
[Date "2010.10.31"]
[Round "2"]
[White "Rashkovsky, Nukhim N"]
[Black "Heimerdinger, Joerg"]
[Result "1-0"]
[WhiteElo "2519"]
[BlackElo "2139"]
[PlyCount "61"]
[EventDate "2010.10.30"]
[EventType "swiss"]
[EventRounds "9"]
[EventCountry "GER"]
[SourceTitle "EXT 2011"]
[Source "ChessBase"]
[SourceDate "2010.11.26"]
[SourceVersion "1"]
[SourceVersionDate "2010.11.26"]
[SourceQuality "1"]

1. Nc3 c5 2. Nf3 Nc6 3. g3 g6 4. Bg2 Bg7 5. 0-0 e5 6. a3 Nge7 7. b4 d5 8. b5 Nd4 9. Rb1 0-0 10. d3 e4 11. Nxd4 cxd4 12. Na4 f5 13. Bd2 b6 14. c3 dxc3 15. Bxc3 d4 16. Bb4 Bb7 17. e3 dxe3 18. fxe3 Re8 19. Nc3 Nd5 20. Nxd5 Bxd5 21. dxe4 Bxe4 22. Qb3+ Kh8 23. Rfd1 Qc7 24. Rbc1 Qb7 25. Rc6 Bxg2 26. Kxg2 Rad8 27. Rxd8 Rxd8 28. Qe6 Ba1 29. Be7 Rd2+ 30. Kh3 Qd7 31. Rc8+ 1-0

[Event "Regionalliga NW 0910"]
[Site "Bayern"]
[Date "2010.04.11"]
[Round "9.7"]
[White "Heimerdinger, Joerg"]
[Black "Stumpf, Hilmar"]
[Result "1-0"]
[WhiteElo "2002"]
[BlackElo "1863"]
[PlyCount "47"]
[EventDate "2009.10.18"]
[EventType "team-tourn"]
[EventRounds "9"]
[EventCountry "GER"]
[SourceTitle "EXT 2011"]
[Source "ChessBase"]
[SourceDate "2010.11.26"]
[SourceVersion "1"]
[SourceVersionDate "2010.11.26"]
[SourceQuality "1"]
[WhiteTeam "Bindlach II"]
[BlackTeam "Nordhalben"]
[WhiteTeamCountry "GER"]
[BlackTeamCountry "GER"]

1. e4 d6 2. d4 g6 3. Nc3 c6 4. Be3 Bg7 5. Qd2 b5 6. f3 Qc7 7. Nge2 Nd7 8. g4 Bb7 9. Ng3 a6 10. h4 e6 11. h5 0-0-0 12. h6 Bf8 13. Bg2 Nb6 14. b3 Nd7 15. Nce2 f6 16. f4 Bxh6 17. Bf3 Bg7 18. f5 exf5 19. gxf5 g5 20. a4 Ne7 21. axb5 axb5 22. c4 Qb6 23. cxb5 cxb5 24. d5 1-0